Captain Underpants Characters By Picture - Statistics

General Stats
  • This quiz has been taken 71 times
  • The average score is 8 of 16
Answer Stats
Picture Answer % Correct
Captain Underpants
98%
Harold Hutchins
97%
George Beard
95%
Mr Krupp
88%
Melvin Sneedly
74%
Mr Meaner
48%
Dr Diaper
45%
The Turbo Toilet 2000
45%
Ms Ribble
40%
Ms Anthrope
38%
Kipper Krupp
31%
Mr Fyde
26%
Bugg
10%
Ms Anita Calculator
10%
Warden Gordon Bordon Schmorden
7%
Director Hector Schmector
5%
No matching quizzes found
Score Distribution
Percent of People with Each Score
Percentile by Number Answered
Your Score History
You have not taken this quiz